000 00557nam a2200181Ia 4500
008 090630s9999 xx 000 0 und d
082 _b26277
100 _aवाळिंबे वि. स.
245 _aगरुडझेप.
_cवाळिंबे वि. स.
260 _bअभिजीत.
_c2004
300 _a151
600 _aवाळिंबे वि. स.
630 _aगरुडझेप.
655 _aचरित्र.
700 _aवाळिंबे वि. स.
730 _aगरुडझेप.
942 _cBOOK
999 _c278133
_d278133